| 000 | 00544nam a2200169 i 4500 | ||
|---|---|---|---|
| 001 | 79492 | ||
| 003 | ES-MaACL | ||
| 005 | 20230906174005.0 | ||
| 007 | t| | ||
| 008 | 041021s1945 sp ||||1| spa d | ||
| 100 | 1 |
_aHernández Rodríguez, Emilio. _963040 |
|
| 245 | 1 | 3 |
_aEl doctor Pedro López de Montoya _b: sus ideas pedagógicas / _cEmilio Hernández. |
| 260 |
_aMadrid : _b[s.n., _c1945] |
||
| 300 |
_a83 p. ; _c23 cm. |
||
| 500 | _aSeparata de: Revista Española de Pedagogía. Tomo III, nº9. | ||
| 852 |
_aES-MaACL _j1916-F-16 _bR.30833 |
||
| 999 |
_c79492 _d79492 |
||